00951cam a22002771i 4500001001300000003000400013005001700017008004100034010001700075035001900092040002100111042001200132043002100144050002200165100004000187245009700227260004300324300005600367490004100423500006000464504002800524650002500552650002200577810005700599999001700656gs 10000557 DLC20260227111310.0790508s1910 dcuab b f001 0 eng  ags 10000557  a(OCoLC)4940842 aDLCcICharEdDLC apremarc an-us-nman-us-az00aQE75b.B9 no. 4351 aDarton, Nelson Horatio,d1865-1948.12aA reconnaissance of parts of northwestern New Mexico and northern Arizona /cby N.H. Darton. aWashington,bGovt. Print. Off.,c1910. a88 p. :bill., 17 pl (incl. 3 fold. maps) ;c24 cm.1 aU.S. Geological survey. Bulletin 435 aIssued also as House doc. no. 982, 61st Cong., 2d sess. aBibliography : p 81-84. 0aGeologyzNew Mexico. 0aGeologyzArizona.1 aUnited States.bGeological Survey.tBulletin ;v435. c24961d24961